Ernesto Guevara tmbién conocido como El Che (Registro nro. 1104)
[ vista simple ]
| 000 -CABECERA | |
|---|---|
| fixed length control field | 00838nam a22002657a 4500 |
| 003 - CONTROL NUMBER IDENTIFIER | |
| control field | AR-BeUNQ |
| 005 - FECHA Y HORA DE LA ULTIMA TRANSACCION | |
| control field | 20241125194229.0 |
| 008 - ELEMENTOS DE LONGITUD FIJA-INFORMACION GENERAL | |
| fixed length control field | 241125b19291997||| oh|| r|| 00| 0 spa d |
| 020 ## - NUMERO INTERNACIONAL NORMALIZADO PARA LIBROS | |
| Número Internacional Normalizado del libro | 9789682706844 |
| 040 ## - FUENTE DE CATALOGACION | |
| Agencia de catalogación original | AR-BeUNQ |
| Agencia que realiza la transcripción | AR-BeUNQ |
| Convenciones de la descripción | aacr |
| 082 ## - NUMERO DE CLASIFICACION DECIMAL DEWEYMBER | |
| Número de la edición | 21 |
| Número de clasificación | 927 |
| 100 ## - ASIENTO PRINCIPAL-NOMBRE PERSONAL | |
| Nombre personal | Taibo II, Paco Ignacio |
| Títulos u otras palabras asociadas al nombre | aut. |
| Fecha asociada al nombre | 1949 |
| 245 ## - MENCION DE TITULO | |
| Título | Ernesto Guevara tmbién conocido como El Che |
| Mención de responsabilidad, etc | Paco Ignacio Taibo II |
| Medio físico | libro |
| 250 ## - MENCION DE EDICION | |
| Mención de edición | 1a.ed |
| Resto de la mención de edición | 8va.reimpresión |
| 260 ## - PUBLICACION, DISTRIBUCION, ETC. | |
| Lugar de publicación, distribución, etc. | México DF : |
| Nombre del editor, distribuidor, etc. | Planeta, |
| Fecha de publicación, distribución, etc | 1997 |
| 300 ## - DESCRIPCION FISICA | |
| Extensión | 827 p. ; |
| Otros detalles físicos | il. ; |
| Dimensiones | 22,5 cm |
| 490 ## - MENCION DE SERIE | |
| Mención de serie | Hoas de Latinoamérica |
| 500 ## - NOTA GENERAL | |
| Nota general | Biografia no autorizada. |
| 504 ## - NOTA DE BIBLIOGRAFIA, ETC. | |
| Nota de bibliografía, etc. | Contiene Bibliografía. 61 capítulos. Fotografías |
| 600 ## - ASIENTO SECUNDARIO DE MATERIA - NOMBRE PERSONAL | |
| Fechas asociadas con el nombre | 1950 |
| 650 ## - ASIENTO SECUNDARIO DE MATERIA - TERMINO TEMATICO | |
| Término temático o nombre geográfico como elemento de entrada | Biografía |
| Fuente del encabezamiento o términ | tell |
| 651 ## - ASIENTO SECUNDARIO DE MATERIA - NOMBRE GEOGRAFICO | |
| Fuente del encabezamiento o término | unescot |
| Nombre geográfico | Cuba |
| 929 ## - DATOS DE ADQUISICION | |
| Procedencia | DONACION |
| Proveedor | pase UNQ |
| Orden de compra | 0 |
| Precio | 2017 |
| Patrimonio UNQ | 0082236 |
| Número de inventario | 59731 |
| 942 ## - ELEMENTOS DE PUNTO DE ACCESO ADICIONAL (KOHA) | |
| Tipo de ítem Koha | Libros |
| Estado de retiro | Estado de pérdida | Ubicación permanente | Ubicación actual | Ubicación en estantería | Fecha de ingreso | Total Checkouts | Signatura topográfica completa | Inventario | Date last seen | Tipo de ítem Koha | Operador |
|---|---|---|---|---|---|---|---|---|---|---|---|
| Biblioteca ESET - UNQ | Biblioteca ESET - UNQ | CIRCULACION | 01/09/2017 | 927 ELC | 59731 | 25/11/2024 | Libros | Gladys Alarcon |